[Event "XIII Torneo Internazionale"]
[Site "Salona CRO"]
[Date "2005.12.18"]
[Round "11"]
[White "Jankovic, Alojzije"]
[Black "Godena, Michele"]
[Result "1/2-1/2"]
[WhiteElo "2446"]
[BlackElo "2502"]
[PlyCount "21"]
[EventDate "2005.12.09"]

1. c4 e6 2. Nf3 d5 3. g3 Nf6 4. Bg2 dxc4 5. Qa4+ c6 6. Qxc4 b5 7. Qc2 Bb7 8.
O-O Nbd7 9. d3 Be7 10. a4 a6 11. Bg5 1/2-1/2